Principles of applied civil engineering design : (Record no. 554345)
[ view plain ]
| 000 -LEADER | |
|---|---|
| fixed length control field | 00590cam a2200157 i 4500 |
| 020 ## - INTERNATIONAL STANDARD BOOK NUMBER | |
| International Standard Book Number | 9780784414736 (hardbound : alk. paper) |
| 082 00 - DEWEY DECIMAL CLASSIFICATION NUMBER | |
| Classification number | 624 |
| Author Mark | CHO |
| 100 1# - MAIN ENTRY--PERSONAL NAME | |
| Personal name | Choi, Ying-Kit. |
| 9 (RLIN) | 51794 |
| 245 10 - TITLE STATEMENT | |
| Title | Principles of applied civil engineering design : |
| Remainder of title | producing drawings, specifications, and cost estimates for heavy civil projects / |
| Statement of responsibility, etc. | Ying-Kit Choi, Ph.D., P.E. |
| 250 ## - EDITION STATEMENT | |
| Edition statement | Second edition. |
| 300 ## - PHYSICAL DESCRIPTION | |
| Extent | xvii, 362 pages : |
| Other physical details | illustrations ; |
| Dimensions | 26 cm |
| 526 ## - STUDY PROGRAM INFORMATION NOTE | |
| Program name | 0 |
| Interest level | 0 |
| Reading level | 0 |
| Title point value | 624_000000000000000_CHO |
| 650 #0 - SUBJECT ADDED ENTRY--TOPICAL TERM | |
| Topical term or geographic name entry element | Civil engineering. |
| 650 #0 - SUBJECT ADDED ENTRY--TOPICAL TERM | |
| Topical term or geographic name entry element | Construction contracts. |
| 942 ## - ADDED ENTRY ELEMENTS (KOHA) | |
| Source of classification or shelving scheme | |
| Koha item type | Book |
| Withdrawn status | Lost status | Source of classification or shelving scheme | Damaged status | Not for loan | Permanent Location | Current Location | Date acquired | Total Checkouts | Full call number | Barcode | Date last seen | Price effective from | Koha item type |
|---|---|---|---|---|---|---|---|---|---|---|---|---|---|
| Military College of Engineering (MCE) | Military College of Engineering (MCE) | 06/22/2020 | 624 CHO | MCE-51444 | 06/22/2020 | 06/22/2020 | Book |
